Power system engineering / (Record no. 5759)
[ view plain ]
| 000 -LEADER | |
|---|---|
| fixed length control field | 00607 a2200205 4500 |
| 010 ## - LCCN (DPL NO) | |
| LC control number | ENG-87018 |
| 020 ## - INTERNATIONAL STANDARD BOOK NUMBER | |
| International Standard Book Number | 0070647917 |
| Terms of availability | 350.00 |
| 035 ## - SYSTEM CONTROL NUMBER | |
| System control number | EN-70551 |
| 037 ## - SOURCE OF ACQUISITION | |
| Source of stock number/acquisition | DBAD / PUB |
| 082 14 - DEWEY DECIMAL CLASSIFICATION NUMBER | |
| Classification number | 621.319 |
| 100 1# - MAIN ENTRY--PERSONAL NAME | |
| Personal name | Kothari, D. P. |
| 245 1# - TITLE STATEMENT | |
| Title | Power system engineering / |
| Statement of responsibility, etc | by D.P.Kothari [and] I.J.Nagrath |
| 250 ## - EDITION STATEMENT | |
| Edition statement | 2nd ed |
| 260 ## - PUBLICATION, DISTRIBUTION, ETC. (IMPRINT) | |
| Place of publication, distribution, etc | New Delhi |
| Name of publisher, distributor, etc | Tata McGraw-Hill Publishing |
| Date of publication, distribution, etc | 2008 |
| 270 ## - ADDRESS | |
| Address | 7, West Patel Nagar, |
| City | New Delhi |
| Postal code | 110 008 |
| 300 ## - PHYSICAL DESCRIPTION | |
| Extent | xix, 1074 p |
| Dimensions | 22 cm (Pbk) |
| 500 ## - GENERAL NOTE | |
| General note | Includes index |
| 700 1# - ADDED ENTRY--PERSONAL NAME | |
| Personal name | Nagrath, I. J. |
| 942 ## - ADDED ENTRY ELEMENTS (KOHA) | |
| Institution code [OBSOLETE] | dpl |
| Item type | English Books |
| Source of classification or shelving scheme | Dewey Decimal Classification |
| Classification part | 621.319 |
| Call number suffix | KOT |
| Withdrawn status | Lost status | Not for loan | Collection code | Home library | Current library | Source of acquisition | Cost, normal purchase price | Full call number | Barcode | Copy number | Cost, replacement price | Koha item type |
|---|---|---|---|---|---|---|---|---|---|---|---|---|
| Not For Loan | Non-fiction | D.B.Act.Division | D.B.Act.Division | DBAD/PUB | 350.00 | 621.319 KOT | EN-70551 | 1 | 350.00 | English Books |
